00542nam a2200181Ia 4500999001500000003000400015005001700019008004100036020001500077040000900092082001900101100002900120245007400149260004100223300000900264650004300273942004400316 c8685d8685OSt20200827104604.0190216s9999||||xx |||||||||||||| ||und|| a8170297052 coclc a005.369bSTU/L aStultz, Russell A 94379 0aLearn Microsoft Excel 7.0 For Windows 95 In A Day /cRussell A Stultz bBpb Publications,c1996.aNew Delhi: a138p a"Computer Programming. Programs, Data" cBK2ddch005.369iSTU/Lk005.369mSTU/L